000 00796nam a2200181Ia 4500
008 100920s9999 xx 000 0 und d
082 _b77816
_a891.43 न 01
100 _aझारी विजयदेव,आफरीदी नफीस.
245 _aमुस्लिम परिवेश की विशिष्ट कहानियाँ.
260 _bलिट्रेसी हाऊस, नई दिल्ली.
_c2001
300 _a176
_bसाधी
365 _b200
520 _aहिंदी.
630 _aमुस्लिम परिवेश की विशिष्ट कहानियाँ.
650 _aहिंदी.
730 _aमुस्लिम परिवेश की विशिष्ट कहानियाँ.
942 _cBOOK
999 _c719061
_d719058